Arrêts du bus 71 à Bruxelles - Statistiques

Statistiques générales
  • Ce quiz a été pris 35 fois
  • Le résultat moyen est 16 sur 20
Statistiques - réponses
Réponse % Correct
Delta
100%
Flagey
96%
ULB
96%
Cimetière d'Ixelles
93%
De Brouckère
93%
Étangs d'Ixelles
93%
Gare Centrale
93%
Porte de Namur
93%
Buyl
86%
Fernand Cocq
86%
Quartier Saint-Boniface
86%
Jeanne
82%
Musée d'Ixelles
82%
Trône
82%
Géo Bernier
75%
Royale
75%
Arenberg
64%
Bozar
57%
Fraiteur
57%
CHIREC
54%
Aucun quiz correspondant
Distribution des résultats
% des personnes avec chaque résultat
Percentile par nombre de réponses
Votre historique - résultats
Vous n’avez pas pris ce quiz